[Event "Olympiad Women 2024"]
[Site "Budapest HUN"]
[Date "2024.09.22"]
[Round "11.14"]
[Board "2"]
[White "Hakimifard, Ghazal"]
[Black "Koskela, Niina"]
[Result "1-0"]
[WhiteElo "2192"]
[BlackElo "2173"]
[PlyCount "85"]
[EventDate "2024.09.11"]
[WhiteTeam "Switzerland"]
[BlackTeam "Norway"]
[WhiteTeamCountry "SUI"]
[BlackTeamCountry "NOR"]

1. e4 e5 2. Nf3 Nc6 3. d4 exd4 4. Nxd4 Nf6 5. Nc3 Bb4 6. Nxc6 bxc6 7. Bd3 d5 8. exd5 cxd5 9. O-O O-O 10. h3 c6 11. Bf4 Bd6 12. Qd2 Rb8 13. b3 Rb4 14. Bxd6 Qxd6 15. Rfe1 $146 ({RR} 15. Qe3 Re8 16. Qxa7 Bxh3 17. gxh3 Ng4 18. f4 Rxf4 19. Rxf4 Qxf4 20. hxg4 Qg3+ 21. Kf1 Qh3+ 22. Kg1 Qg3+ 23. Kf1 Qh3+ 24. Kg1 Qg3+ {½-½ Paravyan,D (2606)-Le Tuan Minh (2567) Chess.com Classic Div 3 W 2024 (3.4)}) 15... Bd7 16. Ne2 c5 17. c4 d4 18. Ng3 a5 19. Bc2 Ra8 20. a3 Rb6 21. Qg5 h6 22. Qe5 Be6 23. Qe2 Rab8 24. Qd3 a4 25. bxa4 Rb2 26. Rac1 Qf4 27. Ne2 Qd6 28. Nc3 Bf5 29. Qxf5 dxc3 30. Rcd1 Qc6 31. Qd3 Re8 32. Rxe8+ Qxe8 33. Qxc3 Rb8 34. Qd3 Qe5 35. Qd6 Qxd6 36. Rxd6 Kf8 37. a5 Ke7 38. Rb6 Nd7 39. Rxb8 Nxb8 40. Ba4 Kd8 41. Bb5 Kc7 42. g4 Nd7 43. Bxd7 1-0

[Event "Olympiad Women 2024"]
[Site "Budapest HUN"]
[Date "2024.09.22"]
[Round "11.14"]
[Board "3"]
[White "Stanford, Sheila Barth"]
[Black "Hryzlova, Sofiia"]
[Result "1-0"]
[WhiteElo "2175"]
[BlackElo "2188"]
[PlyCount "75"]
[EventDate "2024.09.11"]
[WhiteTeam "Norway"]
[BlackTeam "Switzerland"]
[WhiteTeamCountry "NOR"]
[BlackTeamCountry "SUI"]

1. f4 e5 2. fxe5 d6 3. exd6 Bxd6 4. Nf3 g5 5. g3 g4 6. Nh4 Be7 7. Ng2 h5 8. Nf4 ({RR} 8. d4 h4 9. Bf4 hxg3 10. Bxg3 Nf6 11. Nf4 Nc6 12. c3 Ne4 13. Bg2 Nxg3 14. hxg3 Rxh1+ 15. Bxh1 Qd6 16. Qd3 Qh6 17. Bg2 Bg5 18. e3 Ne7 19. Nd2 c6 20. O-O-O Bxf4 21. exf4 Be6 22. Rh1 Qg7 {1-0 Reinderman,D (2540)-Erwich,F (2105) VAM Hoogeveen op 1998 (6)}) ({RR} 8. d4 h4 9. Bf4 hxg3 10. Bxg3 Nf6 11. Nc3 Nh5 12. Bf2 f5 13. Qd3 Bg5 14. e3 Be6 15. d5 Bd7 16. O-O-O Na6 17. Kb1 Bf6 18. e4 f4 19. e5 Bg7 20. Qg6+ Kf8 21. e6 Be8 22. Qxg4 Qf6 {1-0 Baloglu,D (1944)-Korpics,Z (2300) Titled Tue 20th Aug Late 2024 (9)}) 8... h4 9. Bg2 Nh6 $146 ({RR} 9... hxg3 10. hxg3 Rxh1+ 11. Bxh1 Bh4 12. Kf2 Na6 13. Qg1 Bg5 14. Qh2 Bxf4 15. gxf4 Qf6 16. c3 c6 17. d4 Qg6 18. e4 f5 19. e5 Be6 20. b3 Nc7 21. c4 O-O-O 22. Be3 Kb8 23. Nc3 Ne7 24. Bg2 {1-0 Send,S-Surrey,O NRW-ch U15 Hiddenhausen 1997}) ({RR} 9... hxg3 10. hxg3 Rxh1+ 11. Bxh1 Bh4 12. Kf2 Bg5 13. d4 c6 14. e4 Na6 15. Nc3 Bd7 16. Be3 Qc7 17. d5 Bxf4 18. gxf4 Qd8 19. Kg3 Nf6 20. f5 Nh5+ 21. Kxg4 Nf6+ 22. Kh3 Qe7 23. Qf3 O-O-O 24. a3 {0-1 Selvakumar,T (1319)-Piyumantha,M (1796) SRI-chB Malabe 2015 (1)}) ({RR} 9... hxg3 10. hxg3 Rxh1+ 11. Bxh1 Bh4 12. Kf2 Qf6 13. d3 Bg5 14. Nc3 Bxf4 15. Bxf4 Qb6+ 16. e3 Qxb2 17. Nd5 Na6 18. Nxc7+ Nxc7 19. Bxc7 Qf6+ 20. Bf4 Ne7 21. Rb1 Nc6 22. Qc1 b6 23. Qb2 Qxb2 24. Rxb2 {1-0 Steffen,D (1545)-Naneder,M (1747) Karl Mala Memorial op 13th 2010 (6)}) 10. e4 Nc6 11. c3 f5 12. e5 Nxe5 13. d4 h3 14. Bd5 Ng6 15. Qb3 Nxf4 16. Bxf4 c6 17. Bc4 b5 18. Be6 Bd6 19. Bxc8 Bxf4 20. Qe6+ Kf8 21. gxf4 Rxc8 22. Nd2 Qh4+ 23. Kd1 Kg7 24. Qd7+ Kg6 25. Re1 Qd8 26. Re6+ Kh5 27. Qg7 Qg8 28. Qe5 Re8 29. Rxe8 Qxe8 30. Qf6 Qg6 31. Qxh8 g3 32. hxg3 Qxg3 33. Qe8+ Kh4 34. Qe1 Qxe1+ 35. Kxe1 Kg3 36. Ke2 Ng4 37. Rg1+ Kxf4 38. Nf1 1-0

[Event "Olympiad Women 2024"]
[Site "Budapest HUN"]
[Date "2024.09.22"]
[Round "11.14"]
[Board "4"]
[White "Manko, Mariia"]
[Black "Ni, Viktorija"]
[Result "1-0"]
[WhiteElo "2159"]
[BlackElo "2163"]
[PlyCount "87"]
[EventDate "2024.09.11"]
[WhiteTeam "Switzerland"]
[BlackTeam "Norway"]
[WhiteTeamCountry "SUI"]
[BlackTeamCountry "NOR"]

1. d4 Nf6 2. c4 g6 3. Nf3 Bg7 4. g3 O-O 5. Bg2 d6 6. Nc3 Bd7 7. O-O ({RR} 7. e4 Nc6 8. d5 Nb4 9. O-O c6 10. e5 dxe5 11. Nxe5 cxd5 12. a3 Nc6 13. Nxd7 Qxd7 14. cxd5 Na5 15. Re1 Rac8 16. Rb1 Nc4 17. b3 Nb6 18. Bb2 Rfd8 19. a4 Qf5 20. Qf3 Qxf3 21. Bxf3 Nfxd5 {½-½ Huebner,R (2625)-Forster,R (2463) SUI-chT Switzerland 2002 (1.1)}) 7... Re8 8. Bf4 Qc8 9. Qd2 ({RR} 9. e4 Bg4 10. Qd2 Bxf3 11. Bxf3 e5 12. dxe5 dxe5 13. Bg5 Na6 14. Nd5 Qe6 15. b4 c6 16. b5 Nc5 17. Nc7 Nfxe4 18. Bxe4 Nxe4 19. Nxe6 Nxd2 20. Nxg7 Red8 21. Bxd8 Rxd8 22. Ne6 fxe6 23. Rfd1 c5 {1-0 Barbot,P (2425)-Libiszewski,F (2493) TCh-FRA Top 16 GpA 2024 (3.5)}) 9... Bh3 $146 ({RR} 9... Nc6 10. d5 Na5 11. b3 c5 12. dxc6 Nxc6 13. Rac1 Bh3 14. Nd5 Ne4 15. Qe3 Bxg2 16. Kxg2 f5 17. Bh6 Bh8 18. Nd2 e6 19. Nxe4 exd5 20. Nxd6 Rxe3 21. Nxc8 Rxe2 22. cxd5 Rxc8 23. dxc6 Rxc6 24. Rxc6 {1-0 Dronavalli,H (2502)-Kamalidenova,M (2351) Asian Games Women Team 2023 (7.6)}) 10. e4 Bxg2 11. Kxg2 Nh5 12. Bh6 e5 13. d5 Qg4 14. h3 Qd7 15. b4 Nf4+ 16. Bxf4 exf4 17. Rae1 a5 18. a3 axb4 19. axb4 fxg3 20. fxg3 Ra3 21. Nb5 Ra4 22. Ng5 Rf8 23. Re2 h6 24. Nf3 Re8 25. Nh2 h5 26. Nf3 Qe7 27. Ng5 Bf6 28. Rxf6 Qxf6 29. Rf2 Ra2 30. Qxa2 Qxg5 31. Rf4 Na6 32. Qb2 Qe7 33. h4 c6 34. dxc6 bxc6 35. Nc3 Qe5 36. b5 cxb5 37. cxb5 Nc5 38. Qa2 Ne6 39. Rf3 Re7 40. Nd5 Re8 41. Nf6+ Kh8 42. Nxe8 Nd4 43. Qxf7 Nxf3 44. Qf8+ 1-0

[Event "Olympiad Women 2024"]
[Site "Budapest HUN"]
[Date "2024.09.22"]
[Round "11.15"]
[Board "1"]
[White "Cori T., Deysi"]
[Black "Tsolakidou, Stavroula"]
[Result "0-1"]
[WhiteElo "2366"]
[BlackElo "2444"]
[PlyCount "76"]
[EventDate "2024.09.11"]
[WhiteTeam "Peru"]
[BlackTeam "Greece"]
[WhiteTeamCountry "PER"]
[BlackTeamCountry "GRE"]

1. Nf3 Nf6 2. b3 g6 3. Bb2 Bg7 4. g3 d6 5. d4 b5 6. Bg2 Bb7 7. O-O Nbd7 8. Nbd2 O-O 9. c4 bxc4 10. Nxc4 a5 11. a4 $146 ({RR} 11. Rc1 Ra6 12. Re1 Qa8 13. a3 Rb8 14. Bf1 Bd5 15. Nfd2 c5 16. f3 cxd4 17. Bxd4 e5 18. Bf2 Be6 19. e4 d5 20. exd5 Nxd5 21. Ne4 Rc6 22. Ng5 Rd8 23. Nxe6 Rxe6 24. Qc2 Ne7 25. Bg2 Qa6 {½-½ Terry,R (2520)-Ivic,V (2595) Titled Tue 9th May Early 2023 (6)}) ({RR} 11. Nh4 Qb8 12. d5 a4 13. e4 axb3 14. axb3 Nc5 15. Rb1 Ncxe4 16. Re1 Nc5 17. Rxe7 Re8 18. Rxe8+ Qxe8 19. b4 Ncd7 20. Na5 Ba6 21. Nc6 Bb5 22. Qd2 Qf8 23. Re1 Re8 24. Re3 Nb6 25. Bd4 Rxe3 {½-½ Bodrogi,B (2261)-Sebenik,M (2536) 28th HIT Open 2024 (5.7)}) ({RR} 11. Qe1 a4 12. b4 Bd5 13. Nfd2 Bxg2 14. Kxg2 a3 15. Bc1 Ra4 16. Rb1 Qa8+ 17. Nf3 c5 18. dxc5 dxc5 19. Rb3 Rc8 20. Rxa3 cxb4 21. Rxa4 Qxa4 22. Nb2 Qb5 23. Nd3 Nd5 24. Bd2 Nc3 25. Bxc3 bxc3 {½-½ Zakhartsov,V (2486)-Demchenko,A (2641) Cheliabinsk Panchenko Memorial op-A 2020 (8)}) ({RR} 11. Re1 a4 12. bxa4 Ra6 13. a5 Qa8 14. Rc1 Rb8 15. Ba1 Bd5 16. Nfd2 Bxg2 {0-1 Pulpan,J (2414)-Demchenko,A (2641) Titled Tuesday intern op 22nd Sept blitz 2020 (4)}) 11... c5 12. Rc1 Be4 13. Re1 Ra6 14. Bf1 Bb7 15. Na3 Ne4 16. e3 Ra8 17. Bg2 Qb8 18. Nb5 Rc8 19. Qe2 cxd4 20. exd4 Ndf6 21. Rxc8+ Qxc8 22. Rc1 Qd8 23. Nd2 d5 24. Nxe4 dxe4 25. Nc3 Rb8 26. Nxe4 Nxe4 27. Bxe4 Bxe4 28. Qxe4 Rxb3 29. Bc3 Ra3 30. Qc6 Bxd4 31. Bxd4 Qxd4 32. Qe8+ Kg7 33. Rc8 Ra1+ 34. Kg2 Qd5+ 35. Kh3 Rg1 36. Qf8+ Kf6 37. Qh8+ Ke6 38. Qxh7 Qf5+ 0-1

[Event "Olympiad Women 2024"]
[Site "Budapest HUN"]
[Date "2024.09.22"]
[Round "11.15"]
[Board "2"]
[White "Avramidou, Anastasia"]
[Black "Contreras Huaman, Fiorella"]
[Result "1-0"]
[WhiteElo "2290"]
[BlackElo "2168"]
[PlyCount "119"]
[EventDate "2024.09.11"]
[WhiteTeam "Greece"]
[BlackTeam "Peru"]
[WhiteTeamCountry "GRE"]
[BlackTeamCountry "PER"]

1. d4 d5 2. c4 c6 3. Nc3 Nf6 4. e3 Bf5 5. cxd5 cxd5 6. Qb3 Bc8 7. Nf3 e6 8. Bd3 Nc6 9. O-O Bd6 ({RR} 9... Be7 10. Bd2 O-O 11. Rac1 Bd7 12. Ne5 Nxe5 13. dxe5 Ng4 14. f4 Bc5 15. Nd1 Bb6 16. h3 Nh6 17. Bc3 Rc8 18. Rc2 Nf5 19. Bxf5 exf5 20. Bd4 Rxc2 21. Qxc2 Bxd4 22. exd4 Qb6 23. Qd2 Rc8 24. Ne3 {1-0 So,W (2767)-Mamedyarov,S (2767) chess.com Speed blitz 2019 (1.12)}) ({RR} 9... Be7 10. Bd2 O-O 11. Rac1 Bd7 12. e4 Na5 13. Qc2 dxe4 14. Nxe4 g6 15. Ne5 Nc6 16. Bc3 Nd5 17. Qb3 Rb8 18. Rfd1 Be8 19. Bf1 f6 20. Nf3 Bf7 21. Qc2 Rc8 22. Qb1 a6 23. h3 Bd6 24. a3 {0-1 Vaglio Mattey,E (2155)-Mingo Fernandez,M (2177) Titled Tue 30th Jul Early 2024 (7)}) 10. Bd2 O-O 11. Rac1 Bd7 12. Na4 $146 ({RR} 12. e4 dxe4 13. Nxe4 Nxe4 14. Bxe4 Qb6 15. Qxb6 axb6 16. d5 exd5 17. Bxd5 Bc5 18. a3 h6 19. Rfd1 Rfd8 20. Bf4 Be8 21. b4 Bf8 22. h4 b5 23. Be3 Rxa3 24. Bxc6 Rxd1+ 25. Rxd1 Rxe3 26. fxe3 Bxc6 {1-0 Cheparinov,I (2657)-Boehnisch,M (2316) EU-ch 11th Rijeka 2010 (6)}) 12... Na5 13. Bxa5 Qxa5 14. Nc5 Bc6 15. Qc3 Qxc3 16. Rxc3 Rfc8 17. Rfc1 Nd7 18. b4 Bxc5 19. bxc5 Kf8 20. Kf1 Ke7 21. Ke1 Rc7 22. Kd2 Rb8 23. Ne1 b6 24. cxb6 Rxb6 25. Bc2 h6 26. Bb3 Kd6 27. Nd3 Rcb7 28. Nc5 Rb8 29. f3 Nf6 30. Nd3 Nd7 31. h4 Bb5 32. Nc5 Ke7 33. a4 Ba6 34. a5 Rd6 35. Ba4 Rb2+ 36. R1c2 Rxc2+ 37. Rxc2 Nxc5 38. Rxc5 Kd8 39. Kc3 Bc8 40. Kb4 Bd7 41. Bxd7 Kxd7 42. g4 a6 43. h5 Rc6 44. e4 dxe4 45. fxe4 Kd6 46. Rxc6+ Kxc6 47. Kc4 f6 48. d5+ Kd6 49. dxe6 Kxe6 50. Kc5 Ke5 51. Kb6 Kxe4 52. Kxa6 Kf4 53. Kb6 Kxg4 54. a6 Kxh5 55. a7 g5 56. a8=Q f5 57. Qf3+ Kg6 58. Kc5 f4 59. Kd4 Kf5 60. Qh5 1-0

[Event "Olympiad Women 2024"]
[Site "Budapest HUN"]
[Date "2024.09.22"]
[Round "11.15"]
[Board "3"]
[White "Garcia Andrada, Heidy Nicole"]
[Black "Pavlidou, Ekaterini"]
[Result "1/2-1/2"]
[WhiteElo "2003"]
[BlackElo "2141"]
[PlyCount "95"]
[EventDate "2024.09.11"]
[WhiteTeam "Peru"]
[BlackTeam "Greece"]
[WhiteTeamCountry "PER"]
[BlackTeamCountry "GRE"]

1. e4 c5 2. c4 d6 3. Nc3 Nc6 4. g3 g6 5. Bg2 Bg7 6. Nge2 e6 7. d3 Nge7 8. a3 a5 9. Rb1 O-O 10. O-O h6 ({RR} 10... b6 11. Be3 Bb7 12. d4 a4 13. d5 Ne5 14. dxe6 fxe6 15. Nf4 Bc8 16. Qe2 N7c6 17. Nb5 Qe7 18. Rfd1 Rd8 19. Rbc1 Na5 20. Rc2 Bd7 21. Bh3 g5 22. Nxe6 Bxe6 23. Bxg5 Qxg5 24. Bxe6+ Kh8 25. Bf5 {½-½ Ding,L (2781)-Le,Q (2726) Danzhou 08th 2017 (2)}) ({RR} 10... b6 11. Be3 Nd4 12. b4 axb4 13. axb4 Bd7 14. bxc5 bxc5 15. e5 dxe5 16. Bxa8 Qxa8 17. Bxd4 exd4 18. Ne4 Qc6 19. Rb5 f5 20. Nxc5 Bc8 21. Qa1 Qf3 22. Qd1 e5 23. Nc1 Qc6 24. N1b3 h5 25. Na5 {0-1 Martin,L (2076)-Novik,M (2415) Titled Tue 9th Apr Early 2024 (3)}) 11. h3 Kh7 12. Kh2 Rb8 $146 ({RR} 12... Ra6 13. f4 f5 14. b3 Rf7 15. Bf3 Nd4 16. Nxd4 cxd4 17. Nb5 e5 18. Qe1 Rf8 19. Bd2 Nc6 20. Rb2 Be6 21. Bg2 Qd7 22. a4 Raa8 23. Qb1 Rf7 24. Be1 Raf8 25. Rbf2 fxe4 26. dxe4 Qe7 27. f5 {½-½ Asendorf,J-Sievers,S (2365) Wichern op 4th 1997 (3)}) 13. Be3 e5 14. f4 Nd4 15. b4 axb4 16. axb4 cxb4 17. Rxb4 Nec6 18. Rb1 exf4 19. Nxf4 Ra8 20. Nfd5 Ra3 21. Bc1 Ra6 22. Rf2 Be5 23. Bf4 Ne6 24. Bxe5 dxe5 25. Nf6+ Kg7 26. Ncd5 Ncd4 27. h4 Nc7 28. Qe1 Nxd5 29. Nxd5 g5 30. h5 g4 31. Qd2 Qg5 32. Qxg5+ hxg5 33. Ne7 Rh6 34. Nf5+ Bxf5 35. exf5 Rxh5+ 36. Kg1 Nf3+ 37. Kf1 Rd8 38. Ke2 Rd7 39. Ke3 Rh6 40. Rb3 Rhd6 41. Bxf3 gxf3 42. Rxf3 g4 43. Rf1 Kf6 44. Ke4 Rd4+ 45. Ke3 R4d6 46. Ke4 Rd4+ 47. Ke3 R4d6 48. Ke4 1/2-1/2

[Event "Olympiad Women 2024"]
[Site "Budapest HUN"]
[Date "2024.09.22"]
[Round "11.15"]
[Board "4"]
[White "Markantonaki, Haritomeni"]
[Black "Hilario, Aleyla"]
[Result "1-0"]
[WhiteElo "2179"]
[BlackElo "1993"]
[PlyCount "97"]
[EventDate "2024.09.11"]
[WhiteTeam "Greece"]
[BlackTeam "Peru"]
[WhiteTeamCountry "GRE"]
[BlackTeamCountry "PER"]

1. e4 e6 2. d4 d5 3. Nd2 Be7 4. Bd3 c5 5. dxc5 Nf6 6. Qe2 O-O 7. Ngf3 a5 8. c3 Na6 9. e5 Nd7 10. h4 f5 11. Bxa6 Rxa6 12. b4 axb4 13. cxb4 Ra4 14. a3 Qc7 15. Bb2 b6 16. Qb5 $146 ({RR} 16. c6 Qxc6 17. Nd4 Qb7 18. Nxe6 Re8 19. O-O Nc5 20. Nf4 Qa8 21. Qf3 Ne4 22. Nxe4 dxe4 23. Qb3+ Kh8 24. Qf7 Ba6 25. e6 Bf8 26. Nh5 Re7 27. Bxg7+ Bxg7 28. Qxe7 Be5 29. Nf6 Bxf6 30. Qxf6+ Kg8 {1-0 Mammadzada,G (2393)-Hoang,T (2438) EU-chT (Women) 21st 2017 (2.1)}) 16... Ra8 17. cxb6 Nxb6 18. Rc1 Qa7 19. Qd3 Qd7 20. Nd4 Na4 21. Ba1 Ba6 22. b5 Bb7 23. O-O Bxh4 24. N2f3 Be7 25. Nc6 Rfc8 26. Nfd4 Nb6 27. Bb2 Nc4 28. Rxc4 dxc4 29. Qxc4 Bxa3 30. Bxa3 Rxa3 31. Nxf5 Kh8 32. Nd6 Rf8 33. Qc5 Raa8 34. Nxb7 Qxb7 35. Rd1 Rfe8 36. g3 h6 37. Rc1 Ra2 38. Rb1 Rd2 39. Qe3 Rd5 40. Qb3 Rf8 41. Qa3 Ra8 42. Qb4 Rd7 43. Qc5 Ra2 44. Qc4 Rdd2 45. Rf1 Qf7 46. Qc5 Qf3 47. Ne7 Qxg3+ 48. Kh1 Rxf2 49. Qc8+ 1-0

[Event "Olympiad Women 2024"]
[Site "Budapest HUN"]
[Date "2024.09.22"]
[Round "11.17"]
[Board "1"]
[White "Ouellet, Maili-Jade"]
[Black "Martynkova, Olena"]
[Result "1-0"]
[WhiteElo "2318"]
[BlackElo "2176"]
[PlyCount "87"]
[EventDate "2024.09.11"]
[WhiteTeam "Canada"]
[BlackTeam "Lithuania"]
[WhiteTeamCountry "CAN"]
[BlackTeamCountry "LTU"]

1. d4 Nf6 2. c4 g6 3. Nc3 Bg7 4. e4 d6 5. h3 O-O 6. Be3 e5 7. d5 a5 8. g4 Na6 9. Nge2 c6 10. f3 cxd5 11. cxd5 Nc5 12. Qd2 a4 13. Nc1 Ne8 $146 ({RR} 13... Qa5 14. h4 Bd7 15. h5 b5 16. Nd3 b4 17. Ne2 Nxd3+ 18. Qxd3 Bb5 19. Qd2 Rac8 20. hxg6 fxg6 21. Ng3 Rf7 22. Bxb5 Qxb5 23. Rc1 Rfc7 24. Rxc7 Rxc7 25. Kf2 Nd7 26. Rc1 Rc4 27. Qe2 Nb6 28. b3 {1-0 Fiorito,J (2409)-Labussiere,Y (2203) Titled Tue 15th Aug Late 2023 (7)}) 14. Nd3 Qa5 15. h4 f5 16. gxf5 gxf5 17. Rg1 Nxd3+ 18. Bxd3 f4 19. Bf2 Bd7 20. a3 Kh8 21. O-O-O Bf6 22. h5 Ng7 23. Rh1 Be8 24. h6 Nh5 25. Rdg1 Qd8 26. Bb5 Bg6 27. Nxa4 Ng3 28. Bxg3 fxg3 29. Rxg3 Bh4 30. Rg4 Be7 31. Qe3 Qa5 32. Nc3 Bd8 33. Kb1 Bb6 34. Qd3 Rf7 35. Ne2 Raf8 36. b4 Qa7 37. f4 exf4 38. Rxf4 Kg8 39. Rxf7 Rxf7 40. Be8 Rf6 41. Bxg6 Rxg6 42. Nf4 Rg4 43. Qf3 Rg5 44. Ne6 1-0

[Event "Olympiad Women 2024"]
[Site "Budapest HUN"]
[Date "2024.09.22"]
[Round "11.17"]
[Board "2"]
[White "Limontaite, Simona"]
[Black "Li, Yunshan"]
[Result "0-1"]
[WhiteElo "2177"]
[BlackElo "2268"]
[PlyCount "164"]
[EventDate "2024.09.11"]
[WhiteTeam "Lithuania"]
[BlackTeam "Canada"]
[WhiteTeamCountry "LTU"]
[BlackTeamCountry "CAN"]

1. d4 d5 2. Nf3 Nf6 3. e3 e6 4. Bd3 c5 5. c3 Nc6 6. O-O Bd6 7. Nbd2 O-O 8. dxc5 Bxc5 9. e4 dxe4 10. Nxe4 Be7 11. Qe2 Qc7 12. Nxf6+ Bxf6 13. Qe4 g6 14. Bh6 Rd8 15. h4 $146 ({RR} 15. Rad1 e5 16. Qe2 Be6 17. b3 Qe7 18. Qe3 Bd5 19. Ng5 Bxg5 20. Bxg5 f6 21. Bh4 Rd6 22. c4 Bf7 23. Be4 g5 24. Bg3 Nd4 25. f4 gxf4 26. Bxf4 exf4 27. Rxf4 Qe5 28. Qg3+ Bg6 29. Re1 Qc5 {1-0 Glazar,D (2145)-Michel Yunis,C (2233) Olympiad-43 Batumi 2018 (2.4)}) ({RR} 15. Bc2 Bd7 16. Bg5 Bxg5 17. Nxg5 h6 18. Nxf7 Kxf7 19. Qxg6+ Ke7 20. Qg7+ Kd6 21. Qxh6 Rf8 22. Rad1+ Ke7 23. Bg6 Be8 24. Qg5+ Rf6 {1-0 Sanz Rodero,M (1889)-Gerrikabeitia Uriarte,A Erandio op 15th 2006 (5)}) 15... e5 16. Qe3 Bg4 17. Ng5 Ne7 18. Qg3 Nf5 19. Bxf5 Bxf5 20. Nf3 Rd3 21. Bg5 Bxg5 22. hxg5 Re8 23. Rfe1 Rd5 24. Re3 Qa5 25. Rae1 e4 26. a3 Qb6 27. b4 Qa6 28. Nd4 Qxa3 29. Nxf5 Rxf5 30. Qh4 Qb3 31. Rh3 h5 32. gxh6 Qc2 33. h7+ Kh8 34. Qg3 Rd8 35. Re3 Qd1+ 36. Kh2 Rh5 37. Rxe4 Rdd5 38. Reh4 Kxh7 39. Qf4 Kg7 40. c4 Rdf5 41. Qe3 Rxh4 42. Rxh4 Rh5 43. Rxh5 Qxh5+ 44. Kg3 a6 45. Qd4+ Kg8 46. f3 Qg5+ 47. Kf2 Kf8 48. g4 Ke8 49. c5 Qh4+ 50. Kg2 Qe7 51. Kg3 g5 52. Kf2 Qe6 53. Qh8+ Kd7 54. Qb8 Kc6 55. Qd8 Kb5 56. Qxg5 Kxb4 57. Qc1 a5 58. Qb2+ Qb3 59. Qd2+ Kb5 60. Qd6 a4 61. Qb6+ Kc4 62. Qc7 Qb2+ 63. Kg3 a3 64. c6 bxc6 65. Qxc6+ Kd3 66. Qd5+ Kc2 67. Qe4+ Kd2 68. Qf4+ Kd1 69. Qa4+ Kc1 70. Qc4+ Qc2 71. Qf4+ Qd2 72. Qc4+ Kb2 73. Qb5+ Ka1 74. Qf1+ Ka2 75. Qc4+ Kb1 76. Qb3+ Qb2 77. Qd1+ Qc1 78. Qd3+ Kb2 79. Qb5+ Kc3 80. Qc5+ Kd2 81. Qd4+ Ke2 82. Qe4+ Qe3 0-1

[Event "Olympiad Women 2024"]
[Site "Budapest HUN"]
[Date "2024.09.22"]
[Round "11.17"]
[Board "3"]
[White "Demchenko, Svitlana"]
[Black "Baginskaite, Kamile"]
[Result "1/2-1/2"]
[WhiteElo "2167"]
[BlackElo "2103"]
[PlyCount "194"]
[EventDate "2024.09.11"]
[WhiteTeam "Canada"]
[BlackTeam "Lithuania"]
[WhiteTeamCountry "CAN"]
[BlackTeamCountry "LTU"]

1. d4 Nf6 2. Nf3 d5 3. c3 Bf5 4. Qb3 Qc8 5. c4 dxc4 6. Qxc4 e6 7. Nc3 a6 8. Bf4 c5 ({RR} 8... Nc6 9. Rc1 Bd6 10. g3 Bxf4 11. gxf4 O-O 12. Bg2 Ne7 13. Ne5 Ng6 14. e3 Nh4 15. Rg1 Nxg2+ 16. Rxg2 Nd7 17. Rg3 Nxe5 18. dxe5 Bg6 19. Ne2 Qd7 20. b4 Rac8 21. Nd4 Rfd8 22. Kf1 a5 23. a3 {0-1 Nakamura,H (2780)-Caruana,F (2786) chess.com SpeedChess 2023 (2.1)}) 9. dxc5 Qxc5 10. e3 Nbd7 11. Be2 $146 ({RR} 11. Nd4 Bg6 12. Nb3 Qxc4 13. Bxc4 Rc8 14. Be2 Bb4 15. O-O Bxc3 16. bxc3 Nd5 17. c4 Nxf4 18. exf4 Ke7 19. Rac1 Rc7 20. c5 Be4 21. Rc3 Rhc8 22. Rfc1 Bd5 23. c6 Rxc6 24. Rxc6 Rxc6 25. Rxc6 Bxc6 {0-1 Wafa,H (2356)-Deac,B (2683) Titled Tue 16th Jul Late 2024 (11)}) 11... Qxc4 12. Bxc4 Rc8 13. Be2 Bb4 14. O-O O-O 15. Rac1 Bxc3 16. bxc3 Nd5 17. c4 Nxf4 18. exf4 Nc5 19. Rfd1 Rfd8 20. Nd4 Kf8 21. Nxf5 exf5 22. g3 Ne4 23. Bd3 g6 24. Bxe4 fxe4 25. Rxd8+ Rxd8 26. Rb1 Rd7 27. Rb6 Rc7 28. Kf1 Rxc4 29. Rxb7 Rc1+ 30. Ke2 Rc2+ 31. Ke3 Rxa2 32. Ra7 a5 33. Kxe4 Rxf2 34. Rxa5 Rxh2 35. Kf3 h5 36. Ra7 Kg7 37. Rb7 Ra2 38. Rb3 Ra6 39. Rc3 Kh6 40. Rb3 f6 41. Rc3 g5 42. fxg5+ fxg5 43. Rc2 Kg6 44. Rb2 Ra3+ 45. Kg2 Re3 46. Rf2 g4 47. Ra2 Kf5 48. Rb2 Rd3 49. Re2 Rd4 50. Kf2 Re4 51. Ra2 Re5 52. Rb2 Ke4 53. Rb4+ Kd3 54. Rb3+ Kd2 55. Rb2+ Kc3 56. Ra2 Rf5+ 57. Kg2 Rb5 58. Ra3+ Kd4 59. Ra4+ Ke3 60. Ra3+ Ke4 61. Ra4+ Kf5 62. Ra2 Rb3 63. Re2 Rd3 64. Kf2 Rd4 65. Kg2 Re4 66. Ra2 Re3 67. Kf2 Rd3 68. Re2 Rd5 69. Kg2 Re5 70. Ra2 Ke4 71. Ra4+ Kd3 72. Ra3+ Kc4 73. Ra2 Kb3 74. Rd2 Kc3 75. Ra2 Rc5 76. Kf2 Rf5+ 77. Kg2 Rd5 78. Ra3+ Kb2 79. Ra7 Kc2 80. Ra2+ Kd1 81. Ra1+ Ke2 82. Ra7 Rd2 83. Re7+ Kd3+ 84. Kf1 Kd4 85. Re8 Rc2 86. Re7 Kd5 87. Re8 Kd4 88. Re7 Kd3 89. Re8 Rc5 90. Kf2 Kd4 91. Re7 Rf5+ 92. Kg2 Re5 93. Rd7+ Ke3 94. Ra7 Rd5 95. Re7+ Kd4 96. Kf2 Rf5+ 97. Kg2 Rc5 1/2-1/2

[Event "Olympiad Women 2024"]
[Site "Budapest HUN"]
[Date "2024.09.22"]
[Round "11.17"]
[Board "4"]
[White "Simkunaite, Gabija"]
[Black "Golubeva, Oksana"]
[Result "1/2-1/2"]
[WhiteElo "2005"]
[BlackElo "2119"]
[PlyCount "137"]
[EventDate "2024.09.11"]
[WhiteTeam "Lithuania"]
[BlackTeam "Canada"]
[WhiteTeamCountry "LTU"]
[BlackTeamCountry "CAN"]

1. e4 e6 2. d4 d5 3. exd5 exd5 4. Nf3 Nf6 5. Bd3 c5 6. dxc5 Bxc5 7. O-O O-O 8. Bg5 Nc6 9. c3 Bg4 10. Nbd2 Qd6 11. Qa4 Bh5 12. Qh4 Bg6 13. Bxg6 fxg6 14. Rad1 $146 ({RR} 14. Nb3 Bb6 15. Rad1 Rad8 16. c4 d4 17. Be3 Qb4 18. Nbxd4 Nxd4 19. Bxd4 Bxd4 20. Rxd4 Qxb2 21. Rxd8 Rxd8 22. Qf4 h6 23. h3 Qxa2 24. Qc7 Rd7 25. Qg3 g5 26. Qb8+ Kh7 27. Ne5 Re7 28. Qd6 Re8 {½-½ Te,R (2280)-Vareille,F (2365) FRA-ch op FIDE 1994 (1)}) 14... Qe6 15. Bxf6 gxf6 16. Nb3 Bb6 17. Nbd4 Qe4 18. Qh3 Nxd4 19. Nxd4 Rae8 20. Qd7 Rf7 21. Qb5 Re5 22. Nf3 Rf5 23. Rde1 Qc4 24. Qe8+ Rf8 25. Qe6+ Rf7 26. Qe8+ Rf8 27. Qd7 Qc8 28. Re7 Qxd7 29. Rxd7 Rf7 30. Rxf7 Kxf7 31. Rd1 g5 32. Nd4 Re5 33. Kf1 Bxd4 34. Rxd4 h5 35. a4 Ke6 36. Rb4 b6 37. f3 Kd6 38. Kf2 Kc5 39. Rd4 a5 40. g3 Re7 41. h4 Re6 42. g4 hxg4 43. Rxg4 gxh4 44. Rxh4 Kd6 45. Rh8 Kc5 46. Rc8+ Kd6 47. Rh8 Kc5 48. b3 Kd6 49. Rb8 Kc7 50. Ra8 Rc6 51. b4 axb4 52. cxb4 Re6 53. Ra7+ Kc8 54. a5 bxa5 55. Rxa5 Rb6 56. Rc5+ Kb7 57. b5 d4 58. Rd5 Kc7 59. Ke2 Re6+ 60. Kd2 Re5 61. b6+ Kxb6 62. Rd6+ Kc5 63. Rxf6 Re3 64. Rf8 Kd5 65. Rd8+ Kc4 66. Rc8+ Kd5 67. Rd8+ Kc4 68. Rc8+ Kd5 69. Rd8+ 1/2-1/2

[Event "Olympiad Women 2024"]
[Site "Budapest HUN"]
[Date "2024.09.22"]
[Round "11.18"]
[Board "1"]
[White "Ryjanova, Julia"]
[Black "Unuk, Laura"]
[Result "1/2-1/2"]
[WhiteElo "2255"]
[BlackElo "2316"]
[PlyCount "134"]
[EventDate "2024.09.11"]
[WhiteTeam "Australia"]
[BlackTeam "Slovenia"]
[WhiteTeamCountry "AUS"]
[BlackTeamCountry "SLO"]

1. d4 Nf6 2. c4 e6 3. g3 d5 4. Nf3 Bb4+ 5. Bd2 a5 6. Qc2 O-O 7. Bg2 c5 8. cxd5 cxd4 9. Bxb4 axb4 10. Nxd4 Qb6 11. Nb3 exd5 12. O-O Bg4 13. h3 Rc8 $146 ({RR} 13... Bh5 14. g4 Bg6 15. Qc5 Qxc5 16. Nxc5 Rc8 17. Nb3 h6 18. N1d2 Rc2 19. Rfc1 Rxb2 20. Rc8+ Kh7 21. f4 Be4 22. Nxe4 Nxe4 23. Bxe4+ dxe4 24. Kf2 Rxb3 25. Rxb8 Rba3 26. Rxa8 Rxa8 27. Rb1 Ra4 28. Ke3 {½-½ Wu,Y (2043)-Mohammad Fahad,R (2424) Thailand Int Open Asean 2023 (8.9)}) ({RR} 13... Bh5 14. g4 Bg6 15. Qc5 Qxc5 16. Nxc5 Rc8 17. Nd3 Bxd3 18. exd3 Rc2 19. f4 Nc6 20. Rf2 Nd4 21. Nd2 b3 22. a4 Rxb2 23. Nf1 Ne2+ 24. Kh2 Ra2 25. Re1 Nc3 26. Nd2 g6 27. Kg3 b2 28. Nb1 {0-1 Kanter,E (2344)-Korchmar,V (2424) TCh-RUS HL 2024 (8.13)}) 14. Qd3 Bh5 15. N1d2 Nc6 16. Nf3 Bg6 17. Qd1 Ra6 18. g4 h6 19. Nh4 Bh7 20. Nf5 Bxf5 21. gxf5 Rca8 22. Nc1 Qc7 23. Nd3 Rxa2 24. Rxa2 Rxa2 25. Qb3 Ra5 26. Rc1 Qd7 27. Nc5 Qe7 28. Qe3 Qxe3 29. fxe3 Ne7 30. Nxb7 Ra7 31. Nd6 Rd7 32. e4 Rxd6 33. e5 Rb6 34. exf6 Rxf6 35. Rc7 Nxf5 36. Bxd5 Ne3 37. Bf3 Rd6 38. Rb7 Rd4 39. b3 f5 40. Bh5 g5 41. Kf2 Nd1+ 42. Ke1 Nc3 43. Bg6 Rf4 44. Bh7+ Kh8 45. Bg6 g4 46. hxg4 fxg4 47. Bh5 g3 48. Bf3 h5 49. Kf1 h4 50. Kg2 Nxe2 51. Bxe2 Rf2+ 52. Kg1 Rxe2 53. Rxb4 Rh2 54. Rc4 Kg7 55. b4 Kf6 56. b5 Kg5 57. Rc5+ Kg4 58. Rc4+ Kh3 59. Rb4 Rg2+ 60. Kh1 Rd2 61. Rb1 g2+ 62. Kg1 Kg3 63. Rb3+ Kg4 64. Rb4+ Kf3 65. Rb3+ Kg4 66. Rb4+ Kf3 67. Rb3+ Kg4 1/2-1/2